Normal view
MARC view
- Corporation law.
Entry Topical Term
001 - CONTROL NUMBER
- control field: 42823
003 - CONTROL NUMBER IDENTIFIER
- control field: OSt
005 - DATE AND TIME OF LATEST TRANSACTION
- control field: 20210125152846.0
008 - FIXED-LENGTH DATA ELEMENTS
- fixed length control field: 210125|| aca||aabn | a|a d
040 ## - CATALOGING SOURCE
- Original cataloging agency: OSt
- Transcribing agency: OSt
150 ## - HEADING--TOPICAL TERM
- Topical term or geographic name entry element: Corporation law.
670 ## - SOURCE DATA FOUND
- Source citation: Work cat.: (OSt): Zeske, Brittany. 42822, The foreign corrupt practices act: , ©2012.
